Anima e corpo per il Vangelo. (Record n. 37658)
[ formato base ]
| 000 -LEADER | |
|---|---|
| fixed length control field | 00898nam a22001817a 4500 |
| 003 - CONTROL NUMBER IDENTIFIER | |
| control field | IT-RoPau |
| 005 - DATE AND TIME OF LATEST TRANSACTION | |
| control field | 20220918175937.0 |
| 008 - FIXED-LENGTH DATA ELEMENTS--GENERAL INFORMATION | |
| fixed length control field | 121214b xxu||||| |||| 00| 0 eng d |
| 040 ## - CATALOGING SOURCE | |
| Transcribing agency | IT-RoPau |
| 100 ## - MAIN ENTRY--PERSONAL NAME | |
| Personal name | Alberione Giacomo |
| Fuller form of name | Fondatore Famiglia Paolina |
| 9 (RLIN) | 19 |
| 245 ## - TITLE STATEMENT | |
| Title | Anima e corpo per il Vangelo. |
| Remainder of title | "Amerai il Signore con tutta la tua mente". Formazione umana per una coscienza sociale. Il lavoro. La Provvidenza "Portate Dio nel vostro corpo" "Testimonium conscientiae nostrae |
| 250 ## - EDITION STATEMENT | |
| Edition statement | I |
| 260 ## - PUBLICATION, DISTRIBUTION, ETC. (IMPRINT) | |
| Place of publication, distribution, etc. | Cinisello Balsamo |
| Name of publisher, distributor, etc. | Edizioni San Paolo |
| Date of publication, distribution, etc. | 2005 |
| 300 ## - PHYSICAL DESCRIPTION | |
| Extent | 304 p. |
| Dimensions | 21,5 cm |
| 490 ## - SERIES STATEMENT | |
| Series statement | Opera Omnia |
| Volume/sequential designation | I |
| 520 ## - SUMMARY, ETC. | |
| Summary, etc. | INDICE GENERALE<br/><br/>Introduzione<br/>Avvertenze<br/><br/><<AMERAI IL SIGNORE CON TUTTA LA TUA MENTE>><br/>FORMAZIONE UMANA<br/>PER UNA COSCIENZA SOCIALE<br/>IL LAVORO<br/>LA PROVVIDENZA<br/><br/><<PORTATE DIO NEL VOSTRO CORPO>><br/><br/><<TESTIMONIUM CONSCIENTIAE NOSTRAE>><br/><br/>INDICI <br/><br/><br/> |
| 942 ## - ADDED ENTRY ELEMENTS (KOHA) | |
| Source of classification or shelving scheme | Dewey Decimal Classification |
| Koha item type | LIBRO |
| Withdrawn status | Lost status | Source of classification or shelving scheme | Damaged status | Not for loan | Home library | Current library | Date acquired | Total Checkouts | Full call number | Date last seen | Price effective from | Koha item type |
|---|---|---|---|---|---|---|---|---|---|---|---|---|
| Dewey Decimal Classification | Buone Condizioni | Not For Loan | PAULUS-BIBLIOTECA | PAULUS-BIBLIOTECA | 14/12/2012 | PA7 | 14/12/2012 | 14/12/2012 | LIBRO | |||
| Dewey Decimal Classification | Buone Condizioni | Not For Loan | PAULUS-BIBLIOTECA | PAULUS-BIBLIOTECA | 18/12/2012 | P A7 | 18/12/2012 | 18/12/2012 | LIBRO | |||
| Dewey Decimal Classification | Buone Condizioni | Not For Loan | PAULUS-BIBLIOTECA | PAULUS-BIBLIOTECA | 18/12/2012 | P A7 | 18/12/2012 | 18/12/2012 | LIBRO | |||
| Dewey Decimal Classification | Buone Condizioni | Not For Loan | PAULUS-BIBLIOTECA | PAULUS-BIBLIOTECA | 18/12/2012 | P A7 | 18/12/2012 | 18/12/2012 | LIBRO |